000
00284 a2200121 4500
001
32339
082
_a
629.1352 PAL
090
_c
21718
_d
21718
100
_a
pallett E W
245
_a
Automatic flight control, 4/e
250
_a
4
260
_a
London
_b
Blackwell Publishing
_c
1993
942
_a
NUST-CAE
_k
629.1352 PAL
999
_c
267412
_d
267412